EC110 and EC134 1996 PASS Trial

Salvato in:
Dettagli Bibliografici
Autore principale: Alidenes, Katrina
Altri autori: Hobman, Lavinia
Natura: Libro
Lingua:inglese
Pubblicazione: Brisbane The University of Queensland 1997
Serie:Discussion papers no. 225
Soggetti:
Tags: Aggiungi Tag
Nessun Tag, puoi essere il primo ad aggiungerne!!

MARC

LEADER 00000nam a2200000 4500
001 c100652
005 20221124074536.1
022 |a 1033-4461 
041 0 |a eng 
044 |a AU 
245 1 0 |a EC110 and EC134 1996 PASS Trial  |c Katrina Alidenes and Lavinia Hobman 
264 1 |a Brisbane  |b The University of Queensland  |c 1997 
300 |a 25 s. 
490 1 |a Discussion papers  |v no. 225 
830 0 |a Discussion papers  |v no. 225 
610 2 0 |a výchova 
610 2 0 |a vzdelávanie 
610 2 0 |a vyučovanie 
610 2 0 |a univerzity 
610 2 0 |a metodika 
610 2 0 |a ekonómia 
610 2 0 |a školy vysoké 
610 2 0 |a študenti 
610 2 0 |a analýzy 
610 2 0 |a programy študijné 
100 1 |a Alidenes, Katrina 
700 1 |a Hobman, Lavinia